Az alföldi és a hegyaljai szőlőtermesztés valamint bortermelés összehasonlítása
Elmentve itt :
| Szerző: | |
|---|---|
| További közreműködők: | |
| Dokumentumtípus: | Szakdolgozat |
| Megjelent: |
2007
|
| Kulcsszavak: | Szőlőtermesztés Borkészítés Tolcsva Üllés |
| Tárgyszavak: | |
| Online Access: | http://diploma.bibl.u-szeged.hu/102073 |
| LEADER | 00797nta a2200241 i 4500 | ||
|---|---|---|---|
| 001 | dipl102073 | ||
| 005 | 20211124145437.0 | ||
| 008 | 211124s2007 hu om 0|| zxx d | ||
| 040 | |a SZTE Diploma Repozitórium |b hun | ||
| 041 | |a zxx | ||
| 100 | 1 | |a Mihálffy Tibor | |
| 245 | 1 | 3 | |a Az alföldi és a hegyaljai szőlőtermesztés valamint bortermelés összehasonlítása |h [elektronikus dokumentum] / |c Tibor Mihálffy |
| 260 | |c 2007 | ||
| 300 | |a 48 | ||
| 650 | 4 | |a Agrár | |
| 650 | 4 | |a Agricultural sciences | |
| 650 | 4 | |a Agriculture, forestry and fisheries | |
| 695 | |a Szőlőtermesztés | ||
| 695 | |a Borkészítés | ||
| 695 | |a Tolcsva | ||
| 695 | |a Üllés | ||
| 700 | 1 | |a Sipos József |e ths | |
| 856 | 4 | 0 | |u http://diploma.bibl.u-szeged.hu/id/eprint/102073/1/2007_mihalffy_tibor.pdf |z Dokumentum-elérés |